000 00916nam a2200325Ia 4500
003 OSt
005 20220912151452.0
006 a|||||r|||| 00| 0
007 ta
008 220909b |||||||| |||| 00| 0 eng d
020 _a8130902435 (pbk)
024 _a60480
037 _b93, 16/08/2006, Ashutosh Technical Books
037 _cTextual
040 _aCSL
_beng
_cCSL
041 _aeng
082 _aB28, N8;1
100 _aFreedman David
245 0 _aStatistics
250 _a3
260 _aNew York
_b W W Norton & Company
_c2006
300 _a578+v.p.
_ccm.
500 _aIndex A-109-A-123.
650 _aStatistics
700 _a Pisani Robert
700 _a Purves Roger
942 _hB28, N8;1
_cTEXL
_2CC
999 _c69250
_d69250